Balthus: meditaciones de un caminante solitario de la pintura
Salvato in:
| Autore principale: | |
|---|---|
| Natura: | Libro |
| Lingua: | spagnolo |
| Pubblicazione: |
Buenos Aires
Las Cuarenta
2010
|
| Edizione: | 2a. ed |
| Serie: | Colección Kalpa
|
| Soggetti: | |
| Tags: |
Aggiungi Tag
Nessun Tag, puoi essere il primo ad aggiungerne!!
|
MARC
| LEADER | 00000cam a2200000 a 4500 | ||
|---|---|---|---|
| 001 | UCG7947 | ||
| 003 | CL-VaPUC | ||
| 008 | 111028e20100000AG |||||||||||||||||spa|d | ||
| 020 | |a 9789871501229 | ||
| 082 | 0 | 4 | |a 701 |b JAU |2 21 |
| 100 | 0 | |a Jaunin, Francoise |e author |9 558449 | |
| 245 | 1 | 0 | |a Balthus: meditaciones de un caminante solitario de la pintura |
| 250 | |a 2a. ed | ||
| 300 | |a 80 p | ||
| 942 | |c BK | ||
| 945 | |d 20111028 00:00:00 |a dcastane | ||
| 260 | |a Buenos Aires |b Las Cuarenta |c 2010 | ||
| 600 | 0 | 7 | |a KLOSSOWSKI DE ROLA, BALTHASAR |2 CL-VaPUC |9 558450 |
| 650 | 0 | |a Estética |9 264950 | |
| 650 | 0 | |a Apreciación estética |9 345969 | |
| 650 | 0 | |a Obras de arte |9 337253 | |
| 650 | 0 | |a Filosofía del arte |9 264951 | |
| 650 | 0 | |a Ensayos |9 268724 | |
| 583 | |a last modification |c 20111028 11:35:00 |k Rodrigo Vera | ||
| 490 | 0 | |a Colección Kalpa | |
| 999 | |c 345627 |d 345625 | ||
| 952 | |0 0 |1 0 |4 0 |6 701_000000000000000_JAU_2010 |7 0 |8 R |9 444557 |a BIBART |b BIBART |d 2019-11-22 |i 4792599 |l 2 |o 701 JAU 2010 |p 4792599 |r 2025-03-13 |s 2023-08-31 |w 2019-11-22 |y BK_R |k ART | ||
| 952 | |0 0 |1 0 |4 0 |6 701_000000000000000_JAU_2010 |7 0 |8 R |9 444558 |a BIBART |b BIBART |d 2019-11-22 |i 4858026 |o 701 JAU 2010 |p 4858026 |r 2025-03-13 |w 2019-11-22 |y BK_R |k ART | ||